| 000 | 01158nam a2200265 i 4500 | ||
|---|---|---|---|
| 001 | 103320 | ||
| 003 | ES-MaACL | ||
| 005 | 20251218175058.0 | ||
| 007 | t| | ||
| 008 | 060220s1969 sp |||| | spa d | ||
| 080 | _a75.036(460)(083.82) | ||
| 111 | 0 |
_aExposición de Pintores Figurativos en la España Actual _d(1969. _cMadrid) _9680 |
|
| 245 | 1 | 0 |
_aPintores figurativos en la España actual _b: [exposición, Palacio de Congresos y Exposiciones del Ministerio de Información y Turismo, y posteriormente San Diego (California) y San Luis (Missouri), año 1969] / _c[texto, Carlos Areán]. |
| 260 |
_a[Madrid : _bPublicaciones Españolas, _c1969] |
||
| 300 |
_a[16] p. ; _c28 cm. |
||
| 490 | 1 |
_aCuadernos de arte. Colección ordinaria ; _v258, separata |
|
| 650 | 4 |
_aPintura figurativa- _zEspaña- _vExposiciones. _9173503 |
|
| 650 | 4 |
_aPintura española- _yS.XX- _vExposiciones. _916043 |
|
| 655 | 7 |
_2tgfbne _9193628 _aCatálogos de exposiciones |
|
| 700 | 1 |
_aAreán, Carlos, _d1921-1996 _922562 |
|
| 830 | 1 |
_aCuadernos de arte. Colección ordinaria _v258, separata _9180064 |
|
| 852 |
_aES-MaACL _j2202-F-22 |
||
| 942 | _2udc | ||
| 999 |
_c103320 _d103320 |
||